The untold story / (Record no. 185492)

000 -LEADER
fixed length control field 00640 a2200181 4500
003 - CONTROL NUMBER IDENTIFIER
control field Nust
005 - DATE AND TIME OF LATEST TRANSACTION
control field 20221228124706.0
040 ## - CATALOGING SOURCE
Transcribing agency Nust
082 ## - DEWEY DECIMAL CLASSIFICATION NUMBER
Classification number 355.02,KAV
100 ## - MAIN ENTRY--PERSONAL NAME
Personal name B. M. Kaul
9 (RLIN) 106200
245 ## - TITLE STATEMENT
Title The untold story /
Statement of responsibility, etc. Lt.Gen B. M. Kaul
260 ## - PUBLICATION, DISTRIBUTION, ETC.
Place of publication, distribution, etc. Union Book Stall
Name of publisher, distributor, etc. Karachi
Date of publication, distribution, etc. 1967
300 ## - PHYSICAL DESCRIPTION
Extent 507 p
Other physical details illus
505 ## - FORMATTED CONTENTS NOTE
Formatted contents note The Prelude (Page-30), The Transition (Page-59), The Many Parts (Page-81), The Preparation (Page-175), The Luck Of The Draw (Page-353), The Play is not Done (Page-471), The Epilogue (Page-495).
600 ## - SUBJECT ADDED ENTRY--PERSONAL NAME
Personal name B. M. Kaul
9 (RLIN) 106200
650 ## - SUBJECT ADDED ENTRY--TOPICAL TERM
Topical term or geographic name entry element The untold story
9 (RLIN) 106201
942 ## - ADDED ENTRY ELEMENTS (KOHA)
Source of classification or shelving scheme
Koha item type Book
Call number prefix 355.02,KAV
Holdings
Withdrawn status Lost status Source of classification or shelving scheme Damaged status Not for loan Permanent Location Current Location Shelving location Date acquired Full call number Barcode Date last seen Price effective from Koha item type Public note
          Military College of Signals (MCS) Military College of Signals (MCS) General Stacks 12/12/2016 355.02,KAV MCS29392 12/08/2016 12/12/2016 Book Almirah No.52, Shelf No.1
© 2023 Central Library, National University of Sciences and Technology. All Rights Reserved.